Guess the Taylor Swift Song (Speak Now TV) 8 - Statistics

General Stats
  • This quiz has been taken 10 times
  • The average score is 215 of 296
Answer Stats
Answer % Correct
and
100%
And
100%
But
100%
but
100%
do
100%
I
100%
If
100%
is
100%
it
100%
it's
100%
love
100%
me
100%
my
100%
never
100%
that
100%
the
100%
The
100%
time
100%
where
100%
who
100%
you
100%
You
100%
your
100%
Your
100%
you're
100%
are
83%
at
83%
be
83%
cause
83%
Cause
83%
don't
83%
Don't
83%
for
83%
from
83%
here
83%
I'll
83%
in
83%
like
83%
mine
83%
not
83%
now
83%
say
83%
So
83%
take
83%
they
83%
They
83%
things
83%
this
83%
to
83%
were
83%
with
83%
With
83%
about
67%
any
67%
can't
67%
give
67%
hands
67%
heart
67%
high,
67%
know
67%
laugh
67%
life
67%
little
67%
look
67%
nothing
67%
ours
67%
People
67%
people
67%
pretty
67%
song
67%
their
67%
those
67%
up
67%
wanna
67%
we'd
67%
what
67%
you'll
67%
yours
67%
air
50%
always
50%
care
50%
comes
50%
fight
50%
gonna
50%
hard
50%
have
50%
lip
50%
makes
50%
mind
50%
out,
50%
out
50%
past
50%
right
50%
rocks
50%
rough
50%
shine
50%
someone
50%
speak
50%
stakes
50%
there's
50%
They'll
50%
throw
50%
water's
50%
what's
50%
will
50%
worry
50%
belong
33%
between
33%
buttons
33%
choice
33%
disapproves
33%
doubt
33%
Elevator
33%
else
33%
faith
33%
father
33%
gap
33%
Ghosts
33%
gloss
33%
ignored
33%
judge
33%
jump
33%
jury's
33%
Lurking
33%
morning
33%
remarks
33%
riddles
33%
Seems
33%
shadows
33%
silence
33%
sleeves
33%
smiles
33%
snide
33%
speculate
33%
stairs
33%
stares
33%
Strangers'
33%
tattoos
33%
teeth
33%
theirs
33%
tough
33%
vacant
33%
verdict
33%
wrong
33%
No matching quizzes found
Score Distribution
Percent of People with Each Score
Percentile by Number Answered
Your Score History
You have not taken this quiz